00543nam a2200145 a 450000100100000000500170001000800410002704000250006808200150009324500900010826000470019830000220024595201130026799900170038000003467920200930073833.0111018s19-- dr 000 spa d aDO-SdBNPbspacBNPHU axxxxbV83100aVisión histórica de la plástica dominicana :b37 aniversario Banco de Reservas. aSanto Domingo :b[Banco Reservas,c19--?]. a[15 p.] ;c22 cm. 0010718PDaPDbPDcCTd2011-10-18iLF1l0oxxxx V831p34679-10r2020-06-25w2020-06-25yLFPDZNo se presta c34170d34170